000 00272nam a22001217a 4500
008 171010b xxu||||| |||| 00| 0 eng d
041 _aeng
080 _a316
100 _a50
101 _asoc
245 _a1 HUMANITURY IN PERSPECTIVE
_cLEWIN.R..E
942 _2udc
_cBK
999 _c32995
_d32995